Normal view
MARC view
Entry Personal Name
001 - CONTROL NUMBER
- control field: 52433
003 - CONTROL NUMBER IDENTIFIER
- control field: dpl
005 - DATE AND TIME OF LATEST TRANSACTION
- control field: 20120918111228.0
008 - FIXED-LENGTH DATA ELEMENTS
- fixed length control field: 120918|||a|||||| | ||| d
040 ## - CATALOGING SOURCE
- Original cataloging agency: dpl
- Transcribing agency: dpl
100 ## - HEADING--PERSONAL NAME
- Personal name: Mahalakshmi. R
670 ## - SOURCE DATA FOUND
- Source citation: Work cat.: (dpl)69877: Mahalakshmi. R, The making of the goddess:, 2011
670 ## - SOURCE DATA FOUND
- Source citation: Work cat.: (dpl)69877: Mahalakshmi. R, The making of the goddess:, 2011
